The hero with a thousand faces / (Record no. 591707)
[ view plain ]
| 000 -LEADER | |
|---|---|
| fixed length control field | 01198cam a22003134a 4500 |
| 001 - CONTROL NUMBER | |
| control field | 15250668 |
| 005 - DATE AND TIME OF LATEST TRANSACTION | |
| control field | 20221012094042.0 |
| 008 - FIXED-LENGTH DATA ELEMENTS--GENERAL INFORMATION | |
| fixed length control field | 080407s2008 caua b 001 0 eng |
| 010 ## - LIBRARY OF CONGRESS CONTROL NUMBER | |
| LC control number | 2008014990 |
| 020 ## - INTERNATIONAL STANDARD BOOK NUMBER | |
| International Standard Book Number | 9781577315933 (hardcover : alk. paper) |
| 040 ## - CATALOGING SOURCE | |
| Original cataloging agency | DLC |
| Transcribing agency | DLC |
| Modifying agency | DLC |
| 050 00 - LIBRARY OF CONGRESS CALL NUMBER | |
| Classification number | BL313 |
| Item number | .C28 2008 |
| 082 00 - DEWEY DECIMAL CLASSIFICATION NUMBER | |
| Classification number | 201.3 |
| Author Mark | JOS |
| 100 1# - MAIN ENTRY--PERSONAL NAME | |
| Personal name | Campbell, Joseph, |
| Dates associated with a name | 1904-1987. |
| 9 (RLIN) | 99967 |
| 245 14 - TITLE STATEMENT | |
| Title | The hero with a thousand faces / |
| Statement of responsibility, etc. | Joseph Campbell. |
| 250 ## - EDITION STATEMENT | |
| Edition statement | Chinese Edition |
| 260 ## - PUBLICATION, DISTRIBUTION, ETC. | |
| Place of publication, distribution, etc. | China : |
| Name of publisher, distributor, etc. | Zhejiang People's Publishing House, |
| Date of publication, distribution, etc. | 2016. |
| 300 ## - PHYSICAL DESCRIPTION | |
| Extent | 403 p. : |
| Dimensions | 23 cm. |
| 490 0# - SERIES STATEMENT | |
| Series statement | Bollingen series XVII |
| 504 ## - BIBLIOGRAPHY, ETC. NOTE | |
| Bibliography, etc. note | Includes bibliographical references (p. 363-382) and index. |
| 650 #0 - SUBJECT ADDED ENTRY--TOPICAL TERM | |
| Topical term or geographic name entry element | Mythology. |
| 9 (RLIN) | 38829 |
| 650 #0 - SUBJECT ADDED ENTRY--TOPICAL TERM | |
| Topical term or geographic name entry element | Psychoanalysis. |
| 9 (RLIN) | 11876 |
| 856 41 - ELECTRONIC LOCATION AND ACCESS | |
| Materials specified | Table of contents only |
| Uniform Resource Identifier | <a href="http://www.loc.gov/catdir/toc/ecip0816/2008014990.html">http://www.loc.gov/catdir/toc/ecip0816/2008014990.html</a> |
| 880 ## - ALTERNATE GRAPHIC REPRESENTATION | |
| Linkage | 100-02\r |
| Title | 黄珏苹 译 湛庐文化 出品 (美) 约瑟夫·坎贝尔 |
| 880 ## - ALTERNATE GRAPHIC REPRESENTATION | |
| Linkage | 245-02\r |
| Title | 千面英雄(精装) |
| 906 ## - LOCAL DATA ELEMENT F, LDF (RLIN) | |
| a | 7 |
| b | cbc |
| c | orignew |
| d | 1 |
| e | ecip |
| f | 20 |
| g | y-gencatlg |
| 942 ## - ADDED ENTRY ELEMENTS (KOHA) | |
| Source of classification or shelving scheme | |
| Koha item type | Book |
| Withdrawn status | Lost status | Source of classification or shelving scheme | Damaged status | Not for loan | Permanent Location | Current Location | Shelving location | Date acquired | Source of acquisition | Total Checkouts | Full call number | Barcode | Date last seen | Price effective from | Koha item type |
|---|---|---|---|---|---|---|---|---|---|---|---|---|---|---|---|
| Central Library (CL) | Central Library (CL) | Chinese Studies | 10/12/2022 | Donated by China Embassy | 201.3 JOS | CL-D-2011 | 10/12/2022 | 10/12/2022 | Book |
